Lo scialle andaluso /

Dei moltissimi racconti scritti nella sua vita, Elsa Morante presenta qui una scelta disposta in ordine cronologico. Nei dodici racconti di questa inquieta vicenda predestinata, si potrà seguire, meglio ancora che nei romanzi, il tema drammatico e affascinante che sempre ha accompagnato la scrittric...

Description complète

Enregistré dans:
Détails bibliographiques
Auteur principal: Morante, Elsa (Auteur)
Format: Livre
Langue:italien
Publié: Torino : Einaudi, 1994
Tags: Ajouter un tag
Pas de tags, Soyez le premier à ajouter un tag!

MARC

LEADER 00000nam a22000007i 4500
001 IT\ICCU\BCT\0036879
003 ItRI
005 20251118191508.0
008 150807s1994 it |||||| ||||| |||||c
024 3 1 |a 9788806227616 
040 |b ita  |c Arcigay Viterbo 
041 7 |a ita  |2 ISO-639-2 
100 1 |a Morante, Elsa  |0 IT\ICCU\CFIV\021875  |4 aut 
240 1 3 |a Lo scialle andaluso  |9 Morante, Elsa 
245 1 3 |a Lo scialle andaluso /  |c Elsa Morante. 
260 |a Torino :  |b Einaudi,  |c 1994 
300 |a 237 p. ;  |c 20 cm. 
520 |a Dei moltissimi racconti scritti nella sua vita, Elsa Morante presenta qui una scelta disposta in ordine cronologico. Nei dodici racconti di questa inquieta vicenda predestinata, si potrà seguire, meglio ancora che nei romanzi, il tema drammatico e affascinante che sempre ha accompagnato la scrittrice e che prende forma soprattutto nel breve romanzo finale che dà il titolo alla raccolta: il rapporto viscerale madre e figlio. 
942 |2 ddc  |c BK  |n 0 
952 |0 0  |1 0  |2 ddc  |4 0  |6 853_900000000000000_MOR_SCI  |7 0  |9 9948  |a VT  |b VT  |d 2025-11-18  |e Dono di Ennio Piccirilli  |i B559  |l 0  |o 853.9 MOR SCI  |p B559  |r 2025-11-18 19:16:02  |w 2025-11-18  |y BK  |z Dono di Ennio Piccirilli 
981 1 |6 z01  |a i   |b xxxe  
982 1 |6 z01  |a n 
999 |c 8294  |d 8294